|
|
|
|
| LEADER |
00000nam a2200000 a 4500 |
| 001 |
vtls001483060 |
| 003 |
SK-MaSNL |
| 005 |
20260301163856.0 |
| 008 |
250312s1970 xo a b 000 0bslo |
| 035 |
|
|
|a SNK000438356
|
| 035 |
|
|
|a urn:nbn:sk:snk-amjdqn
|
| 035 |
|
|
|a urn:nbn:sk:snk-am003epm
|
| 035 |
|
|
|a D238B060-A801-41DB-BA35-D6C174961465
|
| 040 |
|
|
|a SNK
|b slo
|c SNK
|e AACR2
|
| 041 |
0 |
|
|a slo
|
| 044 |
|
|
|a xo
|c SK
|
| 072 |
|
7 |
|a 32
|x Politika. Politológia
|2 konspekt
|
| 080 |
|
|
|a 82:929:32-051
|x (041)
|x (085.5)
|2 1981
|
| 080 |
|
|
|a 929 Janoušek, Anton
|2 1981
|
| 080 |
|
|
|a 32
|2 1981
|
| 245 |
0 |
0 |
|a Anton Janoušek 22. 8. 1877 - 30. 3. 1941
|
| 260 |
|
|
|a [S. l.
|b s. n.
|c 1970]
|
| 300 |
|
|
|a 2 voľné listy
|c 30 cm
|
| 600 |
1 |
7 |
|a Janoušek, Antonín,
|d 1877-1941
|2 SNKMA
|9 232682
|
| 655 |
|
7 |
|a personálne bibliografie
|2 SNKPH
|9 70198
|
| 655 |
|
7 |
|a bibliografické letáky
|2 SNKPH
|9 74589
|
| 655 |
|
7 |
|a biografické údaje
|2 SNKPH
|9 289197
|
| 852 |
|
|
|a Slovenská národná knižnica
|
| 958 |
|
|
|a BC
|
| 958 |
|
|
|a PB
|
| 958 |
|
|
|a OND
|
| 999 |
|
|
|c 818613
|d 820543
|
| 952 |
|
|
|a SNK
|b SNK
|y PREZ
|7 0
|p 17A0444821
|o snkOSB 14107
|i snkD 1131/2004
|8 1
|0 0
|1 0
|4 0
|d 2005-08-23
|f 1
|l 0
|r 2026-02-24 02:58:22
|w 2026-02-24
|